000
00290nam a22001337a 4500
008
190201b xxu||||| |||| 00| 0 eng d
020
_a
9780072836264
041
_a
eng
080
_a
941
100
_a
16
101
_a
HIS
245
_a
Renaissance in Europe
_c
King, M.L
942
_2
udc
_c
BK
999
_c
53904
_d
53904